Financial structure and labour demand of West German industrial and commercial companies: A study with longitudinal data.

Analýza interakcií medzi finančnou štruktúrou a rozhodnutiami firiem o zamestnávaní. Na tento účel bol vyvinutý teoretický model, v ktorom má firma, tvárou v tvár neistej cene, optimálne rozhodnúť o svojich výstupoch a o zamestnávaní. Empirická analýza dokazuje, že existuje negatívny vzťah medzi zam...

Ausführliche Beschreibung

Gespeichert in:
Bibliographische Detailangaben
1. Verfasser: Frisse, K.
Weitere Verfasser: Lankes, F., Funke, Michael
Format: Buchkapitel
Sprache:Englisch
Schlagworte:
Tags: Tag hinzufügen
Keine Tags, Fügen Sie das erste Tag hinzu!

MARC

LEADER 00000naa a2200000 4500
001 r008160
005 20221130113023.9
041 0 |a eng 
044 |a DE 
245 1 0 |a Financial structure and labour demand of West German industrial and commercial companies: A study with longitudinal data.  |c K. Frisse, Michael Funke, F. Lankes 
520 |a Analýza interakcií medzi finančnou štruktúrou a rozhodnutiami firiem o zamestnávaní. Na tento účel bol vyvinutý teoretický model, v ktorom má firma, tvárou v tvár neistej cene, optimálne rozhodnúť o svojich výstupoch a o zamestnávaní. Empirická analýza dokazuje, že existuje negatívny vzťah medzi zamestnávaním a cieľavedomosťou firmy. 
610 2 0 |a financie podnikové 
610 2 0 |a zamestnanosť 
610 2 0 |a modely ekonomicko-matematické 
610 2 0 |a dlhy 
610 2 0 |a mzdy reálne 
610 2 0 |a Nemecko 
610 2 0 |a analýza dát panelových 
100 1 |a Frisse, K. 
700 1 |a Lankes, F. 
700 1 |a Funke, Michael